000 00518nam a2200193 a 4500
001 1777027203671
003 YourLibrary
005 20260424161208.0
008 260424s2007##################000#0#eng##
020 _a9781412960304
082 0 4 _a344.73071AQU
100 1 _aAquila, Frank D.,
_eauthor.
245 1 0 _aSchool Law for K-12 Educators :
260 _bSAGE Publications, Incorporated,
_c2007.
300 _a456 pages
650 0 _aEducation.
942 _cENGLISH
040 _aYourLibrary
_beng
_cYourLibrary
999 _c619871
_d619871